000 00469nam a2200193Ia 4500
005 20240823023113.0
008 240823s9999||||xx |||||||||||||| ||und||
020 _a978-0-07-058374-0
041 _aENGLISH
082 _A624.1834 P8
100 _aGambhir M L
245 0 _aConcrete Technology
250 _a3rd
260 _c2008
_b"Tata McGraw-Hill Publishing Company Ltd,New "
500 _aYES
650 _aConcrete
_bCivil
942 _cBK
999 _c180751
_d180751